|
|
|
|
| LEADER |
00000cam a2200000 a 4500 |
| 001 |
vtls008338634 |
| 003 |
SK-MaSNL |
| 005 |
20260301164726.0 |
| 008 |
230403s1961 xo a n 000 0 hun |
| 015 |
|
|
|a SNBA1961/06-01037
|
| 020 |
|
|
|q (brož.)
|
| 035 |
|
|
|a SK01SNK19610030851
|
| 035 |
|
|
|a urn:nbn:sk:snk-am3ij9q
|
| 035 |
|
|
|a 56F4361A-9CA3-405F-955B-51B5351CC10E
|
| 035 |
|
|
|a urn:nbn:sk:snk-am00elg4
|
| 035 |
|
|
|a SKM000033314
|
| 040 |
|
|
|a SNK
|b slo
|c SNK
|e AACR2
|
| 041 |
1 |
|
|a hun
|h ukr
|
| 044 |
|
|
|a xo
|c SK
|
| 080 |
|
|
|a 633.15=945.11
|2 1981
|
| 100 |
1 |
|
|a Doliňuk, E. A.
|4 aut
|9 532531
|
| 245 |
1 |
0 |
|a A kukorica nagyon magas hozámú termény
|b (a tarnopoli terület melnyik - podoliai körzetében fekvő Sztálin kolhoz csoportvezetőjének tapasztalatai
|c E.A. Dolinjuk
|
| 260 |
|
|
|a Bratislava
|b Mezőgazdasági Kiadóvállalat
|c 1961
|e [Komárno]
|f Západoslovenské tlačiarne
|
| 300 |
|
|
|a 31, [1] s.
|b tab.
|c 8°
|
| 500 |
|
|
|a Preložené pravdepodobne z ukrajinčiny
|
| 504 |
|
|
|a Obsahuje bibliografiu
|
| 650 |
0 |
7 |
|a kukurica
|2 SNKPH
|9 16138
|
| 650 |
0 |
7 |
|a pestovanie poľných rastlín
|2 SNKPH
|9 31784
|
| 651 |
|
7 |
|a Ukrajina
|2 SNKPHgeo
|9 168045
|
| 655 |
|
7 |
|a príručky
|2 SNKPH
|9 74364
|
| 852 |
|
|
|a Slovenská národná knižnica
|
| 954 |
|
|
|a odborná, vedecká literatúra cudzojazyčná (svetová)
|2 lita
|
| 958 |
|
|
|a TL
|
| 958 |
|
|
|a RK
|
| 958 |
|
|
|a HU
|
| 958 |
|
|
|a OND
|
| 958 |
|
|
|a EUIPO
|
| 999 |
|
|
|c 821612
|d 823542
|
| 952 |
|
|
|a SNK
|b SNK
|y PREZ
|7 0
|p 17A0843022
|o snkSC 15367
|i snkKSP 3180/61
|0 0
|1 0
|4 0
|d 2020-04-26
|f 1
|l 0
|r 2025-07-18 00:00:00
|w 2026-02-24
|
| 952 |
|
|
|a SNK
|b SNK
|y VYP
|7 0
|o snkSC 15367 D1
|0 0
|1 0
|4 0
|d 2020-04-26
|l 0
|r 2026-02-24 03:08:59
|w 2026-02-24
|